000
00340nam a2200145Ia 4500
008
150201s2010 xx 000 0 und d
082
_a
617.643
_b
C2010K
100
_a
KARAD,ASHOK
245
_a
CLINICAL ORTHODONTICS
250
_a
1ST
260
_b
ELSEVIER
_a
DELHI
_c
2010
300
_a
1-474
650
_a
ORTHODONTICS
942
_2
ddc
_c
BK
_0
2
999
_c
4705
_d
4705